| 000 | 00592 a2200265 4500 | ||
|---|---|---|---|
| 260 | _aParis | ||
| 630 | _a80 - Questions generales en linguistique et litterature. Philologie | ||
| 650 | _a8 - LITTERATURE | ||
| 100 | _aKRISTEVA, Julia | ||
| 260 | _bSeuil | ||
| 300 | _a379 p. | ||
| 245 | _aRecherche pour une sémanalyse : essais | ||
| 650 | _asémanalyse | ||
| 260 | _c1969 | ||
| 300 | _b21 cm | ||
| 100 | _lFr | ||
| 037 | _a5512 | ||
| 037 | _a5513 | ||
| 037 | _a5514 | ||
| 037 | _a5515 | ||
| 440 | _aTel Quel | ||
| 020 | _a2-02-001950-7 | ||
| 999 |
_c35947 _d35947 |
||